Otázniky transformácie sociálnej štruktúry vidieka

Návrhy opatrení na riešenie nezamestnanosti v rezorte pôdohospodárstva. Oblasť rozvoja agrárnej zamestnanosti. Oblasť rozvoja globálnej vidieckej zamestnanosti. Faktory, ktoré determinujú rozvoj vidieka.

Gespeichert in:
Bibliographische Detailangaben
1. Verfasser: Buchta, Stanislav
Format: Buchkapitel
Sprache:Slowakisch
Schlagworte:
Tags: Tag hinzufügen
Keine Tags, Fügen Sie das erste Tag hinzu!

MARC

LEADER 00000naa a2200000 4500
001 r019274
005 20221213095845.2
041 0 |a slo 
044 |a SK 
245 1 0 |a Otázniky transformácie sociálnej štruktúry vidieka  |c Stanislav Buchta 
520 |a Návrhy opatrení na riešenie nezamestnanosti v rezorte pôdohospodárstva. Oblasť rozvoja agrárnej zamestnanosti. Oblasť rozvoja globálnej vidieckej zamestnanosti. Faktory, ktoré determinujú rozvoj vidieka. 
610 2 0 |a Slovensko 
610 2 0 |a 1995 
610 2 0 |a pôdohospodárstvo 
610 2 0 |a transformácia 
610 2 0 |a štruktúra sociálna 
610 2 0 |a vidiek 
610 2 0 |a nezamestnanosť 
100 1 |a Buchta, Stanislav